00519nam a22001697a 450000500170000001000150001702000260003203500130005803700130007108200100008410000190009424500680011326000340018127000720021530000430028750000190033020151021114358.0 aENG-114047 c625.00a9788120351561 aEN-97579 bDBAD/PUB a005.5 aSeguin, Denise aComputer concepts and Microsoft Office 2013 /cby Denise Seguin aNew DelhibPHI Learningc2014 aRimjhim House,111, Patparganj Industrial EstatebNew Delhie 110092 axxiv,490p. :c29cm(pbk)bill.e1CD-ROM aIncludes index